000 00311nam a22001457a 4500
008 210312b ||||| |||| 00| 0 eng d
020 _a9781928782070
041 _aeng
080 _a316
082 _a316
100 _a50
101 _aSOC
245 _aIn the Spotlight
_cEsposito, J. E
942 _2udc
_cBK
999 _c56560
_d56560